00630nam a2200205 a 4500008004100000020003100041040002500072041001300097044001100110080001200121100002200133245007000155250001300225260004800238300002700286490000800313500005100321700002800372700002400400951121s1989||||[C 0 slo c c17 Kčs. q(4000 výtl.) aSNKbslocSNKeAACR21 aslohslo axocSK a885.4-31 aMarec, Anton4aut10aKroky proti vetrucAnton Marec ; Marcel Dúbravec, Jozef Gális a1., vyd. aBratislavabSmenac1989eBratislavafPravda a123 s., 7,72 AHc19 cm0 aErb aZv., č. 50. Ilustr. na rozlož. tit. liste.1 aDúbravec, Marcel4bkd1 aGális, Jozef4bkd